00663nam a2200217 a 450000500170000000800410001704100080005804400070006610000380007324500640011126000530017530000100022865000270023865000240026565000360028965000130032565000160033865000250035465000420037970000240042120140910154854.0140121b2002 ck ||||| |||| 00| 0 spa d aspa ack aDíaz Merchán, José Andrés aSondeo de mercado mundial de cúrcuma (Cúrcuma longa L.) aBogotábInstituto Alexander von Humboldtc2002 a30 p. aAnálisis de mercados aPlantas tintóreas aPlantas para aceites esenciales aEspecias aCondimentos aColorantes naturales aMercado internacional de la cúrcuma aAvila, Lina María